Efecto de los inductores de resistencia in vitro y en campo de la incidencia de la roña (Cladosporium tenuissimum) en durazno / (Record no. 220049)
[ view plain ]
| 000 -CABECERA | |
|---|---|
| campo de control de longitud fija | 03640nam a22003377a 4500 |
| 003 - IDENTIFICADOR DEL NÚMERO DE CONTROL | |
| campo de control | OSt |
| 005 - FECHA Y HORA DE LA ÚLTIMA TRANSACCIÓN | |
| campo de control | 20240817002658.0 |
| 007 - CAMPO FIJO DE DESCRIPCIÓN FÍSICA--INFORMACIÓN GENERAL | |
| campo de control de longitud fija | cr ||||||a|c|a |
| 008 - DATOS DE LONGITUD FIJA--INFORMACIÓN GENERAL | |
| campo de control de longitud fija | 240802s2023 mx a|||fom||| 001 0 spa d |
| 040 ## - FUENTE DE LA CATALOGACIÓN | |
| Normas de descripción | rda |
| 100 1# - ENTRADA PRINCIPAL--NOMBRE DE PERSONA | |
| Nombre de persona | Flores Lupercio, Fatima Marlene |
| 9 (RLIN) | 189347 |
| 245 10 - MENCIÓN DE TÍTULO | |
| Título | Efecto de los inductores de resistencia in vitro y en campo de la incidencia de la roña (Cladosporium tenuissimum) en durazno / |
| Mención de responsabilidad, etc. | por Fatima Marlene Flores Lupercio; director de tesis Santos Gerardo Leyva Mir; secretario Isabel Nativitas Lima; vocal Moises Camacho Tapia; suplente Calixto Leopoldo Carrillo Fonseca; suplente Alondra Astudillo Gregorio. |
| 264 #1 - PRODUCCIÓN, PUBLICACIÓN, DISTRIBUCIÓN, FABRICACIÓN Y COPYRIGHT | |
| Producción, publicación, distribución, fabricación y copyright | Chapingo, México : |
| Nombre del de productor, editor, distribuidor, fabricante | El autor, |
| Fecha de producción, publicación, distribución, fabricación o copyright | 2023. |
| 300 ## - DESCRIPCIÓN FÍSICA | |
| Extensión | 1 recurso en línea (42 páginas): |
| Otras características físicas | cuadros, figuras. |
| 336 ## - TIPO DE CONTENIDO | |
| Fuente | rdacontent |
| Término de tipo de contenido | texto |
| Código de tipo de contenido | txt |
| 337 ## - TIPO DE MEDIO | |
| Fuente | rdamedia |
| Nombre/término del tipo de medio | computadora |
| Código del tipo de medio | c |
| 338 ## - TIPO DE SOPORTE | |
| Fuente | rdacarrier |
| Nombre/término del tipo de soporte | recurso en línea |
| Código del tipo de soporte | cr |
| 502 ## - NOTA DE TESIS | |
| Tipo de título | Ingeniero Agrónomo Especialista en Parasitología Agrícola |
| Nombre de la institución que otorga el título | Departamento de Enseñanza, Investigación y Servicio en Parasitología Agrícola, |
| Año de obtención del título | 2023. |
| Información miscelánea | Licenciatura |
| 504 ## - NOTA DE BIBLIOGRAFÍA, ETC. | |
| Nota de bibliografía, etc. | Incluye referencias bibliográficas: páginas 21-22,37-39. |
| 520 ## - SUMARIO, ETC. | |
| Sumario, etc. | La roña del durazno causada por Cladosporium tenuissimum es una enfermedad económicamente significativa. Los principales daños causados son el manchado de la fruta y cancros en ramitas. La producción de esporas ocurre en ramitas de 1 año, mucho antes de que se rompa el cáliz y continúa por 5 a 6 semanas, en este periodo es esencial su control. Se recomienda utilizar fungicidas como clorotalonil, captan, azoxistrobin y productos a base de azufre. Sin embargo, es necesario considerar nuevas estrategias de manejo con base a la comprensión de los mecanismos de resistencia de la fruta preexistentes e inducibles. Los inductores sintéticos son pequeñas moléculas que inducen respuesta de inmunidad en las plantas, los cuales son estructuralmente diferentes de los inductores de defensa naturales de las plantas. La presente investigación se llevó a cabo con los siguientes objetivos: 1) Evaluar la sensibilidad in vitro de Cladosporium tenuissimum a los inductores Acibenzoalar-S-Metil y fosfito de potasio. 2) Evaluar el efecto en campo de Acibenzolar-S-Metil y fosfito de potasio en combinación con fungicidas para el control de la roña Cladosporium tenuissimum. Para evaluar el efecto de los inductores in vitro se realizaron pruebas de sensibilidad con los siguientes tratamientos: Acibenzolar-S-Metil (ACTIGAR) a dosis de 25, 50 y 100 mg·L1, fosfito de potasio (HORTIKEM PHOS K®) a dosis 1, 2 y 3 mL1 y captan (CAPTAN 50 WP) a dosis de 100 y 200 mg·L1. Se midió el crecimiento micelial diariamente con un vernier digital y se calculó la eficacia biológica con la fórmula de Abbott. Para los ensayos de campo; se realizaron tres aplicaciones de los inductores en conjunto con los fungicidas, estas aplicaciones se realizaron a los 40, 80 y 110 días después de la floración. Los fungicidas que se utilizaron para las aplicaciones en campo fueron captan (CAPTAN 50 WP ®), clorotalonil (BRAVO® 720) y tiofanato metílico (CERCOBIN®). |
| 650 #2 - PUNTO DE ACCESO ADICIONAL DE MATERIA--TÉRMINO DE MATERIA | |
| Término de materia o nombre geográfico como elemento de entrada | Durazno |
| Subdivisión general | Enfermedades por hongos |
| -- | Control |
| 9 (RLIN) | 189052 |
| 650 #2 - PUNTO DE ACCESO ADICIONAL DE MATERIA--TÉRMINO DE MATERIA | |
| Término de materia o nombre geográfico como elemento de entrada | Cladosporium tenuissimum |
| Subdivisión general | Control |
| 9 (RLIN) | 189348 |
| 650 #2 - PUNTO DE ACCESO ADICIONAL DE MATERIA--TÉRMINO DE MATERIA | |
| Término de materia o nombre geográfico como elemento de entrada | Fungicidas |
| Subdivisión general | Aplicación |
| 9 (RLIN) | 126604 |
| 700 1# - PUNTO DE ACCESO ADICIONAL--NOMBRE DE PERSONA | |
| Nombre de persona | Leyva Mir, Santos Gerardo |
| Término indicativo de función/relación | Director de tesis. |
| 9 (RLIN) | 66581 |
| 700 1# - PUNTO DE ACCESO ADICIONAL--NOMBRE DE PERSONA | |
| Nombre de persona | Nativitas Lima, Isabel |
| 9 (RLIN) | 129577 |
| Término indicativo de función/relación | Secretario. |
| 700 1# - PUNTO DE ACCESO ADICIONAL--NOMBRE DE PERSONA | |
| Nombre de persona | Camacho Tapia, Moises |
| 9 (RLIN) | 17710 |
| Término indicativo de función/relación | Vocal. |
| 700 1# - PUNTO DE ACCESO ADICIONAL--NOMBRE DE PERSONA | |
| Nombre de persona | Carrillo Fonseca, Calixto Leopoldo |
| 9 (RLIN) | 19482 |
| Término indicativo de función/relación | Suplente. |
| 700 1# - PUNTO DE ACCESO ADICIONAL--NOMBRE DE PERSONA | |
| Nombre de persona | Astudillo Gregorio, Alondra |
| 9 (RLIN) | 188300 |
| Término indicativo de función/relación | Suplente. |
| 856 ## - LOCALIZACIÓN Y ACCESO ELECTRÓNICOS | |
| Identificador Uniforme del Recurso | http://10.13.5.2/tesis/tl/1010361-8_FLORES_LUPERCIO_FATIMAMARLENE.pdf |
| Nota pública | DESCARGAR PDF |
| 942 ## - ELEMENTOS DE PUNTO DE ACCESO ADICIONAL (KOHA) | |
| Fuente del sistema de clasificación o colocación | Clasificación Universidad Autónoma Chapingo |
| Tipo de ítem Koha | Tesis digital |
| Estado de retiro | Estado de pérdida | Fuente del sistema de clasificación o colocación | Estado dañado | Restricciones de uso | No para préstamo | Código de colección | Localización permanente | Ubicación/localización actual | Ubicación en estantería | Fecha de adquisición | Total de préstamos | Signatura topográfica completa | Fecha visto por última vez | Precio válido a partir de | Tipo de ítem Koha |
|---|---|---|---|---|---|---|---|---|---|---|---|---|---|---|---|
| Clasificación Universidad Autónoma de Chapingo | Préstamo interno | Tesis digitales de Licenciatura | Biblioteca Digital | Biblioteca Digital | En línea | 02/08/2024 | Tesis digital | 02/08/2024 | 02/08/2024 | Tesis digital |
